ბათუმის შოთა რუსთაველის სახელმწიფო უნივერსიტეტის ბიბლიოთეკა

ეს წიგნი შენზეა დაწერილი (ბიბ.ჩანაწერი № 50221)

000 -LEADER
fixed length control field 00816nam a2200217Ia 4500
001 - CONTROL NUMBER
control field 17159
003 - CONTROL NUMBER IDENTIFIER
control field GE_BSU
008 - FIXED-LENGTH DATA ELEMENTS--GENERAL INFORMATION
fixed length control field 181216s||||||||xx |||||||||||||| ||und||
040 ## - CATALOGING SOURCE
Transcribing agency GE_BSU
080 ## - UNIVERSAL DECIMAL CLASSIFICATION NUMBER
Universal Decimal Classification number 087.5:[17:141.824
100 ## - MAIN ENTRY--PERSONAL NAME
Personal name სოლოვიოვი, სიმა
245 ## - TITLE STATEMENT
Title ეს წიგნი შენზეა დაწერილი
245 ## - TITLE STATEMENT
Remainder of title საშ. ასაკის მოსწავლეთათვის
245 ## - TITLE STATEMENT
Statement of responsibility, etc. მთარგმნ. დ. ზუმბაძე ; ილ: ი. კოპეიკო. რედ. გ. მსხილაძე
260 ## - PUBLICATION, DISTRIBUTION, ETC.
Place of publication, distribution, etc. თბილისი
260 ## - PUBLICATION, DISTRIBUTION, ETC.
Name of publisher, distributor, etc. ნაკადული
260 ## - PUBLICATION, DISTRIBUTION, ETC.
Date of publication, distribution, etc. 1964
300 ## - PHYSICAL DESCRIPTION
Extent 93გვ. ; 20სმ
653 ## - INDEX TERM--UNCONTROLLED
Uncontrolled term ეს წიგნი შენზეა დაწერილი
942 ## - ADDED ENTRY ELEMENTS (KOHA)
Koha item type წიგნი
ეგზემპლარები
Withdrawn status Lost status Damaged status Not for loan Date acquired Barcode Date last seen Price effective from Koha item type
        2018-12-17 21516 2018-12-17 2018-12-17 წიგნი